| 000 | 01053nam a2200325Ia 4500 | ||
|---|---|---|---|
| 003 | OSt | ||
| 005 | 20221007121329.0 | ||
| 006 | a|||||r|||| 00| 0 | ||
| 007 | ta | ||
| 008 | 221006b |||||||| |||| 00| 0 eng d | ||
| 020 | _a9781444338898 (pbk) | ||
| 024 | _a191186 | ||
| 037 |
_b680, 29/09/2014, Dhanraj Book House _cTextual |
||
| 040 |
_aBDL _cBDL _beng |
||
| 041 |
_2eng _aeng |
||
| 082 | _aI:5, Q3 Carb | ||
| 100 |
_aFranklin Janet Ed. _9711494 |
||
| 245 | 0 |
_aVegetation ecology _b Marrel Eddy van der Ed. |
|
| 250 | _a2 | ||
| 260 |
_aChichester _bWiley-Black _c2013 |
||
| 300 |
_axvi, 556p. _ccm. |
||
| 500 | _aIncludes bibliographical references; Index 531-556p. | ||
| 650 |
_a Plant communities _9711495 |
||
| 650 |
_a Plant community _9711496 |
||
| 650 |
_a Plant ecology _9506662 |
||
| 650 | _aBotany | ||
| 700 |
_a Marrel Eddy van der Ed. _9711497 |
||
| 942 |
_hI:5, Q3 Carb _cTEXL _2CC |
||
| 999 |
_c1208748 _d1208748 |
||